| 000 | 00820nam a2200121Ia 4500 | ||
|---|---|---|---|
| 008 | 220620s9999||||xx |||||||||||||| ||und|| | ||
| 100 | _aWohlgenannt, Gerhard | ||
| 245 | 0 | _aLearning Ontology Relations by Combining Corpus-Based Techniques and Reasoning on Data from Semantic Web Sources | |
| 546 | _aEnglish[eng] | ||
| 650 | _aBased||Combining||Corpus||Data||from||Learning||machine learning||natural language learning||Ontology||Reasoning||relation labeling||Relations||Semantic||Sources||Techniques||Wohlgenannt | ||
| 856 | _uhttps://library.oapen.org/bitstream/20.500.12657/26873/1/1003170.pdf||https://library.oapen.org/bitstream/20.500.12657/26873/1/1003170.pdf||https://library.oapen.org/bitstream/20.500.12657/26873/1/1003170.pdf||https://library.oapen.org/bitstream/20.500.12657/26873/1/1003170.pdf | ||
| 942 | _cEB | ||
| 999 |
_c22603 _d22603 |
||